000 01367nam0a2200313 4500
001 RU\NLR\BIBL_A\012702101
005 20220217124001.0
021 _aRU
_bКН-П-21-087235
_9КН-П-21-6948
035 _a(NLR Aleph) 012702101
090 _a12881746
_c12881746
100 _a20220207d2021 u y0rusy50 ca
101 0 _arus
102 _aRU
105 _ay|||z||||||z|
181 0 _ai
_baxxe
182 0 _an
200 1 _aЧемпион мира и соперник
_e[шахматные партии]
_fЛеонов В.А.
203 _aТекст
_bвизуальный
_cнепосредственный
210 _aНижний Новгород
_c[б. и.]
_d2021
215 _a39, [1] с.
_d14
604 _1700#1$aКарлсен$bМ.$gМагнус$f1990
_15011#$aШахматные партии$2nlr_sh2$3RU\NLR\AUTH\661553680
604 _1700#1$aНепомнящий$bЯ. А.$gЯн Александрович$f1990
_15011#$aШахматные партии$2nlr_sh2$3RU\NLR\AUTH\6601698476
686 1 _aЧ515.813(4Нр)6-8Карлсен
686 1 _aЧ515.813(2Р)7-8Непомнящий
700 1 _aЛеонов
_bВ. А.
_cпопуляризатор
_gВладимир Афанасьевич
_3RU\NLR\AUTH\7780540
942 _cBOOK
980 _aNB